Estudio comparativo entre comportamientos lineal y no lineal de un marco de concreto reforzado sujeto a exictaciones sísmicas
Tallennettuna:
| Päätekijä: | |
|---|---|
| Muut tekijät: | |
| Aineistotyyppi: | Kirja |
| Julkaistu: |
[San José , Costa Rica]
1980
|
| Tagit: |
Lisää tagi
Ei tageja, Lisää ensimmäinen tagi!
|
MARC
| LEADER | 00000nam a2200000Ia 4500 | ||
|---|---|---|---|
| 003 | MV0007 | ||
| 005 | 20231115082313.0 | ||
| 008 | 140114s1980 c a 000 ||s d | ||
| 040 | |c cru CEDI | ||
| 090 | |a MV 07 | ||
| 100 | |a González S., Raúl |9 18325 | ||
| 245 | |a Estudio comparativo entre comportamientos lineal y no lineal de un marco de concreto reforzado sujeto a exictaciones sísmicas | ||
| 260 | |a [San José , Costa Rica] |c 1980 | ||
| 300 | |a 79 hojas | ||
| 500 | |a A la cabeza de la portada Universidad de Costa Rica. Escuela de Ingeniería Civil. | ||
| 501 | |a Estudios de Estructuras e Ingeniería Sismo- Resistente. Reporte № 3 | ||
| 700 | |9 18326 |a Baeza M, Carlos | ||
| 942 | |c MV |h MV 07 |i MV0007 |6 MV_07_000000000000000_MV0007 | ||
| 999 | |c 15037 |d 15037 | ||
